[Event "Foxwoods Open"]
[Site "CT"]
[Date "2003.04.18"]
[Round "3"]
[White "Tsyganov, Igor M"]
[Black "Formanek, Edward W"]
[Result "0-1"]
[WhiteElo "2207"]
[BlackElo "2330"]
[PlyCount "102"]
[EventDate "2003.??.??"]

1. d4 d5 2. c4 c6 3. Nc3 e5 4. cxd5 cxd5 5. e3 e4 6. Qb3 Nf6 7. Nge2 Bd6 8. Bd2
Bc7 9. Nb5 O-O 10. Nxc7 Qxc7 11. Nc3 Be6 12. Rc1 Nc6 13. Na4 Nd7 14. Be2 f5 15.
f3 Rf6 16. O-O Rh6 17. g3 Rd8 18. f4 Bf7 19. Qa3 Nf6 20. b4 Qe7 21. Qb3 a6 22.
b5 axb5 23. Qxb5 Bh5 24. Bxh5 Rxh5 25. Qc5 Rd6 26. Rf2 Rh6 27. Rb1 Qd7 28. Qb5
Nd8 29. Qxd7 Nxd7 30. Rb3 b6 31. Bb4 Rc6 32. Be7 Ne6 33. Rfb2 Kf7 34. Ba3 Nd8
35. h4 Nb7 36. Rb5 Na5 37. Rxd5 Ke6 38. Nxb6 Rxb6 39. Re5+ Nxe5 40. Rxb6+ Kd7
41. Rb5 Nf3+ 42. Kf2 Nc4 43. Bf8 Ra6 44. a3 g6 45. Rb7+ Ke8 46. Bb4 h5 47. Rg7
Nxa3 48. Bxa3 Rxa3 49. Rxg6 Ra2+ 50. Kf1 Nh2+ 51. Ke1 Ng4 0-1

[Event "Foxwoods Open"]
[Site "CT"]
[Date "2003.04.19"]
[Round "3"]
[White "Benen, Samson"]
[Black "Garcia, Gildardo"]
[Result "1/2-1/2"]
[WhiteElo "2273"]
[BlackElo "2540"]
[PlyCount "76"]
[EventDate "2003.??.??"]

1. d4 Nf6 2. Nf3 e6 3. c4 b6 4. g3 Ba6 5. Qa4 Be7 6. Bg2 O-O 7. Nc3 d5 8. Ne5
Bb7 9. O-O Qc8 10. cxd5 exd5 11. Bg5 Qe6 12. Rac1 c5 13. Nd3 Nbd7 14. Nf4 Qf5
15. h4 h6 16. Bh3 Qh7 17. Bxd7 hxg5 18. hxg5 Nxd7 19. Qxd7 Bxg5 20. Qxb7 Bxf4
21. gxf4 Rad8 22. f3 Rd6 23. Nxd5 Re8 24. Ne3 Rg6+ 25. Ng4 Qh3 26. Rf2 Qg3+ 27.
Rg2 Qxf4 28. e3 Qg5 29. f4 Qh4 30. Qf3 cxd4 31. e4 d3 32. Rd1 f5 33. Nf2 Rxg2+
34. Kxg2 fxe4 35. Qg3 Qxg3+ 36. Kxg3 d2 37. Rxd2 e3 38. Re2 exf2 1/2-1/2

[Event "Foxwoods Open"]
[Site "CT"]
[Date "2003.04.19"]
[Round "4"]
[White "Chubinsky, Peter"]
[Black "Friedel, Josh"]
[Result "0-1"]
[WhiteElo "2118"]
[BlackElo "2366"]
[PlyCount "46"]
[EventDate "2003.??.??"]

1. e4 e5 2. Nf3 Nc6 3. d4 exd4 4. Bc4 Nf6 5. Ng5 d5 6. exd5 Bb4+ 7. c3 Qe7+ 8.
Qe2 Ne5 9. O-O dxc3 10. a3 Bc5 11. b4 Bg4 12. Qa2 Bd4 13. Bb5+ c6 14. dxc6 O-O
15. Qc2 bxc6 16. Ba6 h6 17. Ne4 Bf5 18. Nxf6+ Qxf6 19. Qb3 c2 20. Nc3 Nf3+ 21.
gxf3 Bxc3 22. Ra2 Bh3 23. Qxc2 Qxf3 0-1

[Event "Foxwoods Open"]
[Site "CT"]
[Date "2003.04.19"]
[Round "4"]
[White "Bartholomew, John"]
[Black "Kudrin, Sergey"]
[Result "1/2-1/2"]
[WhiteElo "2280"]
[BlackElo "2597"]
[PlyCount "138"]
[EventDate "2003.??.??"]

1. e4 c5 2. Nf3 Nc6 3. d4 cxd4 4. Nxd4 g6 5. Nc3 Bg7 6. Be3 Nf6 7. Bc4 O-O 8.
Bb3 d6 9. h3 Na5 10. O-O b6 11. Nde2 Bb7 12. f3 Rc8 13. Qd3 Nd7 14. Bd4 Ne5 15.
Qd1 Bh6 16. f4 Nec4 17. Bxc4 Nxc4 18. b3 Na5 19. Nd5 Nc6 20. Bb2 b5 21. Nd4 Bg7
22. Nxc6 Bxc6 23. Bxg7 Kxg7 24. Qd4+ Kg8 25. Ne3 Qb6 26. Qxb6 axb6 27. c4 bxc4
28. Nxc4 b5 29. Nd2 e5 30. a4 bxa4 31. bxa4 Ba8 32. fxe5 dxe5 33. Rfc1 Rfd8 34.
Nc4 Bxe4 35. Nxe5 Rxc1+ 36. Rxc1 Rd2 37. Nf3 Ra2 38. Rc4 Bd5 39. Rd4 Bc6 40.
Rc4 Bd5 41. Rd4 Bc6 42. Rc4 Bxa4 43. Rc8+ Kg7 44. Ra8 h6 45. Ra7 Bb3 46. Rxa2
Bxa2 47. Kf2 Bd5 48. Nd4 Kf6 49. g3 Ke5 50. Ke3 g5 51. Ne2 Bb7 52. g4 Bc8 53.
Ng3 Be6 54. Kf3 Bb3 55. Ke3 Bd1 56. Kf2 Bc2 57. Kf3 Kd4 58. Ne2+ Kd3 59. Ng3
Kd2 60. Kf2 Bg6 61. Nf1+ Kc1 62. Ng3 Kd1 63. Kf1 Kd2 64. Kf2 Kd3 65. Kf3 Kd4
66. Ne2+ Kd5 67. Ng3 Ke5 68. Ke3 Bc2 69. Kf3 Bb3 1/2-1/2

[Event "Foxwoods Open"]
[Site "CT"]
[Date "2003.04.19"]
[Round "4"]
[White "Pismennyy, Avraam"]
[Black "Yermolinsky, Alex"]
[Result "0-1"]
[WhiteElo "2266"]
[BlackElo "2622"]
[PlyCount "72"]
[EventDate "2003.??.??"]

1. e4 c5 2. Nf3 d6 3. Bb5+ Nd7 4. c3 Ngf6 5. Qe2 a6 6. Ba4 b5 7. Bc2 e5 8. d4
Be7 9. dxe5 dxe5 10. O-O O-O 11. Rd1 Qc7 12. a4 Rb8 13. Na3 c4 14. axb5 axb5
15. Bg5 Nc5 16. h3 Re8 17. Nh2 Ne6 18. Bd2 Bc5 19. g3 h6 20. h4 Qc6 21. Re1 Ra8
22. Kg2 Bb7 23. Ng4 Nxg4 24. Qxg4 f5 25. Qe2 fxe4 26. Bxe4 Qxe4+ 27. Qxe4 Bxe4+
28. Rxe4 Bxa3 29. Rxe5 Rad8 30. bxa3 Rxd2 31. Rxb5 Rf8 32. Rf1 Rc2 33. Rc5 Rf6
34. a4 Rxc3 35. f4 Nd4 36. Rd1 Nf5 0-1

[Event "Foxwoods Open"]
[Site "CT"]
[Date "2003.04.19"]
[Round "4"]
[White "Casella, Michael"]
[Black "Kaufman, Lawrence"]
[Result "1-0"]
[WhiteElo "2318"]
[BlackElo "2458"]
[PlyCount "108"]
[EventDate "2003.??.??"]

1. e4 c5 2. Nf3 d6 3. d4 cxd4 4. Nxd4 Nf6 5. Nc3 Nc6 6. Bg5 e6 7. Qd2 a6 8.
O-O-O Bd7 9. f4 h6 10. Bh4 g5 11. fxg5 Ng4 12. Nf3 hxg5 13. Bg3 Be7 14. Kb1
Nge5 15. Ne2 Nxf3 16. gxf3 Ne5 17. Nd4 Qc7 18. Bf2 O-O-O 19. Be3 Rh5 20. Qf2
Rdh8 21. Be2 Rh3 22. Rdg1 f6 23. Nb3 Bd8 24. f4 gxf4 25. Bxf4 Qc6 26. Qg2 Bb6
27. Rd1 R3h4 28. Rhf1 Kb8 29. Bg3 R4h6 30. Nd4 Qc7 31. Rd2 Rc8 32. c3 Ka8 33.
Rfd1 Rg6 34. Qh3 Nf7 35. Qh7 Rxg3 36. hxg3 Ng5 37. Qh4 Ba4 38. Nb3 Bc6 39. Rxd6
Bxe4+ 40. Ka1 Bd5 41. Qb4 Bf2 42. Bxa6 bxa6 43. Rxa6+ Ba7 44. Nd4 Qb7 45. Qa4
Bc4 46. Ra5 Ne4 47. Nb5 Bxb5 48. Rxb5 Qc6 49. Ra5 Qxa4 50. Rxa4 Nc5 51. Rc4 Rg8
52. g4 f5 53. gxf5 exf5 54. Rf4 54... Rg5 {White eventually won} 1-0

[Event "Foxwoods Open"]
[Site "CT"]
[Date "2003.04.19"]
[Round "4"]
[White "Kurniawan, Bobby"]
[Black "Getz, Shelby D"]
[Result "1-0"]
[WhiteElo "2311"]
[BlackElo "2382"]
[PlyCount "73"]
[EventDate "2003.??.??"]

1. d4 Nf6 2. Nf3 g6 3. c4 Bg7 4. Nc3 O-O 5. g3 c5 6. d5 d6 7. Bg2 e6 8. O-O
exd5 9. cxd5 Re8 10. Nd2 a6 11. a4 Nbd7 12. h3 Rb8 13. a5 Nh5 14. Nc4 Ne5 15.
Nxe5 Bxe5 16. e4 b5 17. axb6 Rxb6 18. Kh2 Ng7 19. f4 Bd4 20. Ra4 f5 21. Rxd4
cxd4 22. Qxd4 fxe4 23. Nxe4 Nf5 24. Qc3 Rf8 25. b4 Qe7 26. Bb2 Qg7 27. Qd2 Qb7
28. Bc3 h6 29. g4 Ng7 30. f5 gxf5 31. Qxh6 fxe4 32. Rxf8+ Kxf8 33. Qh8+ Kf7 34.
Qxg7+ Ke8 35. Qg8+ Ke7 36. Bxe4 Bd7 37. Qg5+ 1-0

[Event "Foxwoods Open"]
[Site "CT"]
[Date "2003.04.19"]
[Round "4"]
[White "Strenzwilk, Denis"]
[Black "Karklins, Andrew"]
[Result "0-1"]
[WhiteElo "2200"]
[BlackElo "2330"]
[PlyCount "120"]
[EventDate "2003.??.??"]

1. e4 c5 2. Nf3 Nc6 3. d4 cxd4 4. Nxd4 g6 5. Nc3 Bg7 6. Nb3 Nf6 7. Be2 O-O 8.
O-O d6 9. Kh1 Bd7 10. f4 Rb8 11. Bf3 b5 12. Be3 b4 13. Nd5 Ne8 14. c3 a5 15.
cxb4 axb4 16. Bc1 e6 17. Ne3 Ne7 18. a3 Ba4 19. axb4 Rxb4 20. Qe1 Qb8 21. Na5
Bd7 22. Nc2 Rb5 23. Nc4 Rc5 24. N2a3 Qc7 25. Nd2 Qb8 26. Qe3 Nf6 27. Nb3 Rc7
28. Nd4 Rfc8 29. Qe2 Ne8 30. Be3 Rb7 31. Rab1 e5 32. Ndc2 Rxb2 33. fxe5 dxe5
34. Rxb2 Qxb2 35. Nc4 Qc3 36. N2a3 Be6 37. Rc1 Qb4 38. Qb2 Qxb2 39. Nxb2 Rxc1+
40. Bxc1 Nd6 41. Nd3 Bd7 42. Bb2 f6 43. Kg1 Bc6 44. Nc5 Bh6 45. Kf2 Bd2 46. Nb1
Ba5 47. Ke2 Nec8 48. Nd2 Nb6 49. Ndb3 Bb4 50. Kd1 Na4 51. Nxa4 Bxa4 52. Kc2 Nc4
53. Bc3 Bxc3 54. Kxc3 Bxb3 55. Kxb3 Nd2+ 56. Kb4 Nxf3 57. gxf3 Kf7 58. Kc5 Ke6
59. Kc6 f5 60. Kc5 fxe4 0-1

[Event "Foxwoods Open"]
[Site "CT"]
[Date "2003.04.19"]
[Round "4"]
[White "Sarkar, Justin"]
[Black "Schneider, Igor"]
[Result "1-0"]
[WhiteElo "2426"]
[BlackElo "2222"]
[PlyCount "99"]
[EventDate "2003.??.??"]

1. d4 d5 2. c4 e6 3. Nf3 c6 4. Nc3 Nf6 5. Bg5 Nbd7 6. e3 Qa5 7. Nd2 dxc4 8.
Bxf6 Nxf6 9. Nxc4 Qc7 10. Rc1 Be7 11. Be2 O-O 12. O-O Rd8 13. Qb3 Nd5 14. Rfd1
Bd7 15. Ne4 Be8 16. Ne5 Nf6 17. Nc5 Bxc5 18. Rxc5 Nd7 19. Nxd7 Rxd7 20. Bf3
Rad8 21. g3 Rc8 22. Qa3 Qb8 23. Rdc1 Rdc7 24. Be4 Rd8 25. b4 a6 26. Qb2 Re7 27.
Qc2 h6 28. Qc3 Qd6 29. a3 Bd7 30. Bb1 Rde8 31. Qc2 g6 32. Rd1 Qb8 33. f4 Rd8
34. h4 b6 35. Rc3 h5 36. Kf2 Qd6 37. Qe2 Bc8 38. Rdc1 Bb7 39. Be4 Rc7 40. Qc2
Rdc8 41. Bf3 Kg7 42. Qb2 Rf8 43. a4 Ba8 44. b5 axb5 45. axb5 e5 46. fxe5 Qe6
47. d5 Qxe5 48. bxc6 Kg8 49. Qxb6 g5 50. Qd4 1-0

[Event "Foxwoods Open"]
[Site "CT"]
[Date "2003.04.19"]
[Round "4"]
[White "Mac Intyre, Paul"]
[Black "Chernin, Oliver"]
[Result "1/2-1/2"]
[WhiteElo "2355"]
[BlackElo "2221"]
[PlyCount "37"]
[EventDate "2003.??.??"]

1. e4 c5 2. Nf3 d6 3. d4 cxd4 4. Nxd4 Nf6 5. Nc3 g6 6. Be3 Bg7 7. f3 O-O 8. Qd2
Nc6 9. Bc4 Bd7 10. O-O-O Qa5 11. Rhe1 Rfc8 12. Nd5 Qxd2+ 13. Rxd2 Nxd5 14. Bxd5
Rab8 15. Kb1 Ne5 16. Nb3 e6 17. Bxa7 exd5 18. Bxb8 Rxb8 19. Rxd5 1/2-1/2

[Event "Foxwoods Open"]
[Site "CT"]
[Date "2003.04.19"]
[Round "4"]
[White "Coleman, Teddy"]
[Black "Fang, Joseph H"]
[Result "0-1"]
[WhiteElo "2103"]
[BlackElo "2311"]
[PlyCount "144"]
[EventDate "2003.??.??"]

1. e4 c5 2. Nf3 e6 3. d4 cxd4 4. Nxd4 a6 5. Bd3 Nf6 6. Qe2 d6 7. c4 g6 8. Nc3
Bg7 9. Be3 O-O 10. O-O b6 11. f3 Bb7 12. Rac1 Nbd7 13. b3 Rc8 14. Rfd1 Qc7 15.
Bb1 Qb8 16. Qf2 Ba8 17. Nde2 Rfd8 18. a3 Bf8 19. Rc2 b5 20. cxb5 axb5 21. b4 d5
22. Rcd2 dxe4 23. Ba7 Qb7 24. Nxe4 Nd5 25. Bd4 Be7 26. Ba1 Qb8 27. Ba2 Ne5 28.
N2c3 Nc4 29. Nxd5 Rxd5 30. Rxd5 Bxd5 31. Qd4 Qb6 32. Bxc4 Qxd4+ 33. Bxd4 bxc4
34. Nf6+ Bxf6 35. Bxf6 c3 36. Rc1 c2 37. Kf2 Bb3 38. Ke3 Ba4 39. h3 Kf8 40. g4
Ke8 41. h4 Kd7 42. h5 Rc6 43. h6 Kd6 44. f4 Kd5 45. Kd3 Rc4 46. Ke3 Bb5 47. g5
Re4+ 48. Kd2 Ba4 49. Rf1 Kc4 50. Bb2 Kb3 51. Bc1 Rd4+ 52. Ke3 Rd1 53. Kf2 Bb5
54. Rg1 Ka2 55. Re1 Kb1 56. Be3 Kb2 57. Rg1 Kxa3 58. Re1 Kxb4 59. Bc1 Kc3 60.
Re3+ Bd3 61. Re1 Rxc1 62. Rxc1 Kd2 63. Ra1 Bf5 64. Kf3 c1=Q 65. Rxc1 Kxc1 66.
Ke3 Kd1 67. Kd4 Ke2 68. Ke5 Kf3 69. Kf6 Kxf4 70. Kg7 Kxg5 71. Kxh7 Kh5 72. Kg7
g5 0-1

[Event "Foxwoods Open"]
[Site "CT"]
[Date "2003.04.19"]
[Round "4"]
[White "Zlotnikov, Mikhail"]
[Black "Frumkin, Edward"]
[Result "1-0"]
[WhiteElo "2367"]
[BlackElo "2000"]
[PlyCount "79"]
[EventDate "2003.??.??"]

1. c4 g6 2. g3 Bg7 3. Bg2 d6 4. Nc3 c5 5. Nf3 Nc6 6. O-O e5 7. a3 Nge7 8. Rb1
a5 9. d3 h6 10. Ne1 O-O 11. Nc2 Kh7 12. b4 f5 13. Bd2 f4 14. Ne4 cxb4 15. axb4
axb4 16. Nxb4 Rf7 17. e3 g5 18. Qh5 Kg8 19. Nxc6 bxc6 20. c5 dxc5 21. Nxc5 Ra2
22. Rfd1 Qd6 23. Ne4 Qc7 24. Rbc1 Be6 25. Nc5 Bc8 26. Bh3 Nf5 27. Bg2 Ne7 28.
Be4 Qa7 29. gxf4 gxf4 30. Kh1 Nd5 31. Qg6 fxe3 32. fxe3 Rf2 33. Qe8+ Rf8 34.
Qxc6 Ne7 35. Qd6 Bg4 36. Rg1 Rxd2 37. Rxg4 Rff2 38. Qxe5 Rxh2+ 39. Kg1 Nf5 40.
Qe8+ 1-0

[Event "Foxwoods Open"]
[Site "CT"]
[Date "2003.04.19"]
[Round "4"]
[White "Hanken, Jerry"]
[Black "Enkin, Max"]
[Result "1-0"]
[WhiteElo "2200"]
[BlackElo "2054"]
[Annotator "Fritz"]
[PlyCount "53"]
[EventDate "2003.??.??"]

1. c4 Nf6 2. g3 g6 3. Bg2 d5 4. cxd5 Nxd5 5. Nc3 Nxc3 6. bxc3 Bg7 7. Rb1 O-O 8.
Nf3 c5 9. O-O Qc7 10. d4 Bf5 11. Bf4 Qc8 (11... e5 12. Nxe5 Bxb1 13. Nxg6 Qa5
14. Nxf8 Nc6 15. Qxb1 Rxf8 16. Qxb7) 12. Rb5 cxd4 13. Nxd4 Nc6 14. Nxf5 gxf5
15. Qb1 e5 16. Be3 Nd8 17. Bh3 Qc6 18. Bxf5 h6 19. Rd1 Ne6 20. Rxb7 Nc5 21. Rb4
Na6 22. Rg4 Rad8 23. Bd3 f5 24. Rc4 Qe6 25. Ra4 Nc7 26. Bc4 Nd5 27. Ra5 1-0

[Event "Foxwoods Open"]
[Site "CT"]
[Date "2003.04.19"]
[Round "4"]
[White "Benjamin, Joel"]
[Black "Milman, Lev"]
[Result "1-0"]
[WhiteElo "2669"]
[BlackElo "2400"]
[PlyCount "49"]
[EventDate "2003.??.??"]

1. e4 c5 2. Nf3 g6 3. c3 Bg7 4. d4 cxd4 5. cxd4 d5 6. e5 Bg4 7. Bb5+ Nc6 8.
Bxc6+ bxc6 9. Nbd2 c5 10. dxc5 Rc8 11. h3 Bxf3 12. Nxf3 Rxc5 13. O-O e6 14. Bg5
Ne7 15. Qa4+ Qd7 16. Qa3 Rc7 17. Rac1 Rb7 18. Bxe7 Qxe7 19. Qa4+ Kd8 20. Rc6
Qb4 21. Qc2 Kd7 22. a3 Qa5 23. Rc1 Ke7 24. b4 Qd8 25. Qc5+ 1-0

[Event "Foxwoods Open"]
[Site "CT"]
[Date "2003.04.19"]
[Round "4"]
[White "Rohde, Michael"]
[Black "Benen, Samson"]
[Result "1-0"]
[WhiteElo "2519"]
[BlackElo "2280"]
[Annotator "Fritz"]
[PlyCount "55"]
[EventDate "2003.??.??"]

1. Nf3 d5 2. c4 e6 3. d4 c6 4. Qc2 Nf6 5. g3 dxc4 6. Qxc4 b5 7. Qc2 Bb7 8. Bg2
Nbd7 9. a4 a6 10. O-O c5 11. Bg5 Rc8 (11... b4 12. Nbd2 cxd4 13. Nxd4 13... Rc8
{Fritz}) 12. axb5 axb5 13. Qb3 Qb6 14. Na3 Bc6 15. Bxf6 Nxf6 16. Ne5 Bxg2 17.
Kxg2 Rb8 18. Qxb5+ Qxb5 19. Nxb5 Rxb5 20. Ra8+ Ke7 21. Rfa1 Rb7 22. dxc5 Ne8
23. Rd1 Nc7 24. c6 Rxb2 25. Rd7+ Kf6 26. f4 Rxe2+ 27. Kf3 Nxa8 28. Rxf7# 1-0

[Event "Foxwoods Open"]
[Site "Ct"]
[Date "2003.04.19"]
[Round "5"]
[White "Perelshteyn, Eugene"]
[Black "Benjamin, Joel"]
[Result "1/2-1/2"]
[WhiteElo "2509"]
[BlackElo "2669"]
[PlyCount "78"]
[EventDate "2003.??.??"]

1. e4 g6 2. d4 Bg7 3. Nc3 d6 4. Be3 a6 5. a4 Nf6 6. h3 O-O 7. Nf3 b6 8. e5 Nfd7
9. e6 fxe6 10. Bc4 Nf6 11. d5 c6 12. Ng5 h6 13. Nxe6 Bxe6 14. dxe6 d5 15. Be2
Qd6 16. Bxb6 Qxe6 17. O-O a5 18. Re1 Qf7 19. Bg4 Nxg4 20. Qxg4 e5 21. Bc5 Re8
22. Ba3 Nd7 23. Rad1 Re6 24. b3 Nf6 25. Qf3 Rae8 26. Ne2 Qa7 27. Ng3 h5 28. Qe3
Qc7 29. Bc5 Nd7 30. Ba3 e4 31. Ne2 Ne5 32. Nd4 Rf6 33. Qg3 Kh7 34. Bc1 Rf7 35.
Be3 Qd7 36. Ne2 Rf5 37. Nd4 Rf7 38. Ne2 Rf5 39. Nd4 Rf7 1/2-1/2

[Event "Foxwoods Open"]
[Site "Ct"]
[Date "2003.04.19"]
[Round "5"]
[White "Yermolinsky, Alex"]
[Black "Formanek, Edward W"]
[Result "1-0"]
[WhiteElo "2622"]
[BlackElo "2330"]
[PlyCount "53"]
[EventDate "2003.??.??"]

1. d4 d5 2. c4 c6 3. Nf3 Nf6 4. Nc3 dxc4 5. a4 Bf5 6. e3 e6 7. Bxc4 Be7 8. O-O
O-O 9. Nh4 a5 10. Nxf5 exf5 11. f3 Na6 12. e4 Qd7 13. Kh1 Nb4 14. Be3 Rac8 15.
Qe2 Bd8 16. Rad1 Bb6 17. Bg5 Ne8 18. d5 Nd6 19. dxc6 Qxc6 20. Bd5 Qd7 21. Bb3
Bc5 22. e5 Rfe8 23. f4 Qc6 24. Qh5 g6 25. Qh6 Ne4 26. Nxe4 fxe4 27. Bxf7+ 1-0

[Event "Foxwoods Open"]
[Site "Ct"]
[Date "2003.04.19"]
[Round "5"]
[White "Karklins, Andrew"]
[Black "Wojtkiewicz, Alek"]
[Result "0-1"]
[WhiteElo "2330"]
[BlackElo "2617"]
[PlyCount "119"]
[EventDate "2003.??.??"]

1. e4 c5 2. Nf3 d6 3. d4 cxd4 4. Nxd4 Nf6 5. Nc3 a6 6. Qf3 Qb6 7. Nf5 e6 8. Ne3
Qc7 9. Qg3 b5 10. a3 Bb7 11. f3 Nbd7 12. Bd2 Ne5 13. O-O-O Rc8 14. Na2 g6 15.
Kb1 Bg7 16. Bb4 Rd8 17. Qe1 Nc6 18. Bc3 O-O 19. Nb4 Rc8 20. Qd2 Qb6 21. Nxc6
Bxc6 22. h4 h5 23. g4 hxg4 24. Bxf6 Bxf6 25. Nxg4 Qd8 26. h5 g5 27. Nxf6+ Qxf6
28. Rg1 Kh7 29. Qxg5 Qxg5 30. Rxg5 Kh6 31. Rg3 Rcd8 32. Bd3 Rg8 33. Rdg1 Rxg3
34. Rxg3 Kxh5 35. f4 Kh6 36. b4 e5 37. Rh3+ Kg6 38. Rg3+ Kf6 39. Rf3 Rd7 40.
fxe5+ Kxe5 41. Rf5+ Kd4 42. Rf4 Ke3 43. Rh4 Re7 44. Rh6 Bxe4 45. Rxd6 f5 46.
Kc1 f4 47. Bxe4 Rxe4 48. Rd3+ Kf2 49. Kd2 f3 50. Rd6 Kg3 51. Rg6+ Rg4 52. Rf6
Kg2 53. Ke3 Rg7 54. Rf8 Rg6 55. Rf7 Re6+ 56. Kd4 f2 57. Rg7+ Kf3 58. Rf7+ Ke2
59. c4 bxc4 60. Kxc4 0-1

[Event "Foxwoods Open"]
[Site "Ct"]
[Date "2003.04.19"]
[Round "5"]
[White "Sammour-Hasbun, J."]
[Black "Bartholomew, John"]
[Result "1-0"]
[WhiteElo "2576"]
[BlackElo "2280"]
[PlyCount "78"]
[EventDate "2003.??.??"]

1. Nf3 Nf6 2. d4 c5 3. c3 e6 4. e3 b6 5. Nbd2 Bb7 6. Bd3 d5 7. O-O Nbd7 8. Qe2
Be7 9. b3 O-O 10. Bb2 Ne4 11. Rfd1 Bf6 12. c4 Nxd2 13. Rxd2 cxd4 14. exd4 dxc4
15. bxc4 g6 16. a4 Bg7 17. a5 bxa5 18. c5 Bd5 19. Rc2 Nb8 20. Ne5 Nc6 21. Nxc6
Bxc6 22. Be4 Bxe4 23. Qxe4 Rb8 24. Bc3 Rb3 25. Rac1 a4 26. c6 Qd5 27. Qxd5 exd5
28. Ba1 Bh6 29. Re1 Rc8 30. Rc5 Rb6 31. Rxd5 Rbxc6 32. Bb2 Bc1 33. Bxc1 Rxc1
34. Kf1 R1c2 35. Re2 a3 36. Ra5 Rc1+ 37. Re1 Rxe1+ 38. Kxe1 Rd8 39. Ra4 a2 1-0

[Event "Foxwoods Open"]
[Site "Ct"]
[Date "2003.04.19"]
[Round "5"]
[White "Paschall, William"]
[Black "Zimbeck, David A"]
[Result "1-0"]
[WhiteElo "2483"]
[BlackElo "2172"]
[PlyCount "57"]
[EventDate "2003.??.??"]

1. g3 e5 2. c4 Nc6 3. Bg2 Bc5 4. Nc3 Nf6 5. e3 h5 6. h3 Qe7 7. a3 a5 8. Nge2 d6
9. Qc2 Be6 10. Nd5 Qd7 11. b3 Bxd5 12. cxd5 Ne7 13. Qd3 O-O 14. Bb2 Rfe8 15.
Rc1 Ng6 16. Qc2 Qe7 17. d4 Bb6 18. dxe5 dxe5 19. O-O Qd7 20. Rfd1 Re7 21. Nc3
e4 22. Nxe4 Nxe4 23. Bxe4 Rae8 24. Bxg6 Bxe3 25. Bh7+ Kh8 26. Bf5 Qd6 27. fxe3
Rxe3 28. Kh1 Rg8 29. Qxc7 1-0

[Event "Foxwoods Open"]
[Site "Ct"]
[Date "2003.04.19"]
[Round "5"]
[White "Fang, Joseph H"]
[Black "Sarkar, Justin"]
[Result "1/2-1/2"]
[WhiteElo "2311"]
[BlackElo "2426"]
[PlyCount "84"]
[EventDate "2003.??.??"]

1. Nf3 Nf6 2. c4 e6 3. Nc3 d5 4. d4 Bb4 5. Bg5 dxc4 6. e4 c5 7. Bxc4 cxd4 8.
Nxd4 Qa5 9. Bxf6 Bxc3+ 10. bxc3 Qxc3+ 11. Kf1 gxf6 12. Bb5+ Nd7 13. h4 a6 14.
Rh3 Qa5 15. Be2 Qe5 16. Rc1 Qxe4 17. Re3 Qxh4 18. Kg1 O-O 19. Rc4 Ne5 20. Rg3+
Kh8 21. Nf5 Qxc4 22. Bxc4 exf5 23. Qd6 Be6 24. Bxe6 fxe6 25. Qxe6 f4 26. Rc3
Rae8 27. Qf5 Ng6 28. Rc7 Re1+ 29. Kh2 Re5 30. Qh3 Ne7 31. Qh6 Rf7 32. Qxf4 Ng6
33. Qc4 Rxc7 34. Qxc7 Re7 35. Qd6 Kg7 36. f4 Kf7 37. Kg3 Re3+ 38. Kg4 Ne7 39.
g3 Rxg3+ 40. Kh5 Rh3+ 41. Kg4 Rg3+ 42. Kh5 Rh3+ 1/2-1/2

[Event "Foxwoods Open"]
[Site "Ct"]
[Date "2003.04.19"]
[Round "5"]
[White "Kaufman, Lawrence"]
[Black "Fleischman, Eric"]
[Result "1-0"]
[WhiteElo "2458"]
[BlackElo "2225"]
[PlyCount "87"]
[EventDate "2003.??.??"]

1. d4 Nf6 2. c4 c5 3. d5 e5 4. Nc3 d6 5. g3 g6 6. Bg2 Bg7 7. Nf3 O-O 8. O-O
Nbd7 9. e4 Ne8 10. Rb1 h6 11. Ne1 a6 12. Nd3 b5 13. cxb5 axb5 14. Nxb5 Rxa2 15.
Na3 Ba6 16. b4 c4 17. Ne1 Rxa3 18. Bxa3 Bb5 19. Nc2 f5 20. Bc1 Ndf6 21. exf5
gxf5 22. Na3 Qd7 23. Bh3 Nc7 24. Qc2 Nfxd5 25. Nxb5 Qxb5 26. Bxf5 Ne7 27. Bh3
d5 28. Ra1 d4 29. Ra7 d3 30. Qa2 Ned5 31. Bd2 Kh8 32. Ra5 Nxb4 33. Rxb5 Nxa2
34. Rc5 Rf7 35. Rxc4 Nb5 36. Ra1 Nd6 37. Rc6 Ne4 38. Rxa2 Rxf2 39. Bg2 Rxd2 40.
Ra8+ Bf8 41. Bxe4 Rd1+ 42. Kf2 d2 43. Rxf8+ Kg7 44. Rd8 1-0

[Event "Foxwoods Open"]
[Site "Ct"]
[Date "2003.04.19"]
[Round "5"]
[White "Benen, Samson"]
[Black "Hanken, Jerome B"]
[Result "1-0"]
[WhiteElo "2273"]
[BlackElo "2200"]
[PlyCount "90"]
[EventDate "2003.??.??"]

1. d4 g6 2. c4 Bg7 3. Nf3 c5 4. e4 cxd4 5. Nxd4 Nc6 6. Be3 a6 7. Nc3 e6 8. Nxc6
bxc6 9. Qd2 Rb8 10. Rc1 Ne7 11. Be2 O-O 12. O-O d5 13. Rfd1 d4 14. Bxd4 Qxd4
15. Qxd4 Bxd4 16. Rxd4 Rxb2 17. c5 f5 18. Bc4 fxe4 19. Nxe4 Nd5 20. Rd2 Rxd2
21. Nxd2 Rf7 22. Ne4 Ra7 23. Nd6 Bd7 24. Rb1 Kg7 25. Rb8 Kf6 26. Rh8 h5 27. Rh7
Ke5 28. Bd3 Nf4 29. Bf1 Kd4 30. Nc8 Rb7 31. Nb6 Bc8 32. Rh8 Kxc5 33. Nxc8 a5
34. g3 Nd5 35. Rg8 a4 36. Rxg6 Rc7 37. Rg8 a3 38. Rd8 Nc3 39. Nd6 Nxa2 40. Ne4+
Kb6 41. Rb8+ Ka5 42. Rb3 Nc1 43. Rxa3+ Kb4 44. Rc3 Nb3 45. Rc4+ Ka3 1-0

[Event "Foxwoods Open"]
[Site "Ct"]
[Date "2003.04.19"]
[Round "5"]
[White "Friedman, Josef I"]
[Black "Song, Paul H"]
[Result "1-0"]
[WhiteElo "2251"]
[BlackElo "2128"]
[PlyCount "35"]
[EventDate "2003.??.??"]

1. e4 c6 2. d4 d5 3. Nc3 dxe4 4. Nxe4 Nd7 5. Bc4 Ngf6 6. Ng5 e6 7. Ne2 Nb6 8.
Bd3 h6 9. Nf3 c5 10. c3 Be7 11. O-O O-O 12. h3 c4 13. Bb1 Bd7 14. Ne5 Rc8 15.
Qc2 Bc6 16. Ng3 Bd5 17. Nh5 Re8 18. Bxh6 1-0

[Event "Foxwoods Open"]
[Site "CT"]
[Date "2003.04.20"]
[Round "6"]
[White "Ehlvest, Jaan"]
[Black "Smirin, Ilya"]
[Result "0-1"]
[WhiteElo "2705"]
[BlackElo "2802"]
[PlyCount "110"]
[EventDate "2003.??.??"]

1. d4 Nf6 2. c4 g6 3. Nc3 Bg7 4. e4 d6 5. f3 O-O 6. Be3 Nc6 7. Nge2 a6 8. Qd2
Rb8 9. Nc1 e5 10. d5 Nd4 11. Nb3 c5 12. dxc6 bxc6 13. Nxd4 exd4 14. Bxd4 Re8
15. Be2 d5 16. cxd5 Rb4 17. Bc5 Nxe4 18. fxe4 Bxc3 19. Qxc3 Rbxe4 20. O-O Rxe2
21. dxc6 Qg5 22. Bf2 R8e3 23. Qc4 Re4 24. Qd3 R4e3 25. Qc4 Re4 26. Qb3 Be6 27.
c7 $2 (27. Qb8+) 27... Bxb3 28. c8=Q+ Re8 29. Qc1 Qxc1 30. Rfxc1 Be6 31. b3 Rd8
32. Re1 Rc2 33. Rec1 Rdd2 34. Rxc2 Rxc2 35. h4 Kg7 36. b4 Bxa2 37. Rd1 Bc4 38.
Rd7 Kf6 39. Rc7 Kf5 40. Rc5+ Kf4 41. Kh2 h5 42. Rc6 Ke4 43. Rf6 Rb2 44. Bc5 Be6
45. Rf3 Ra2 46. Rf2 Ra1 47. Rd2 Rc1 48. Be7 Bc4 49. Bg5 Rb1 50. Be7 Bd3 51. Rf2
f5 52. Kg3 Bb5 53. Bc5 Rb3+ 54. Rf3 f4+ 55. Kf2 (55. Kh2 Rxf3 56. gxf3+ Kxf3
57. Kg1 Kg4 58. Bf2 g5 59. hxg5 Kxg5) 55... Rb1 0-1

[Event "Foxwoods Open"]
[Site "CT"]
[Date "2003.04.20"]
[Round "6"]
[White "Formanek, Edward W"]
[Black "Sammour-Hasbun, J."]
[Result "0-1"]
[WhiteElo "2330"]
[BlackElo "2576"]
[PlyCount "82"]
[EventDate "2003.??.??"]

1. e4 c5 2. Nf3 Nc6 3. d4 cxd4 4. Nxd4 Nf6 5. Nc3 e6 6. Ndb5 d6 7. Bf4 e5 8.
Bg5 a6 9. Na3 b5 10. Nd5 Be7 11. Bxf6 Bxf6 12. c3 Bg5 13. Nc2 O-O 14. a4 bxa4
15. Rxa4 a5 16. b4 Bb7 17. b5 Ne7 18. Bc4 Rc8 19. Nxe7+ Qxe7 20. Qd3 Rc5 21.
O-O Rfc8 22. Na3 Qc7 23. Qf3 g6 24. Qg4 Bd2 25. Qf3 Kg7 26. h4 h5 27. Qd3 Bh6
28. Rd1 Rd8 29. Qe2 Rc8 30. Rd3 Qe7 31. g3 f5 32. exf5 d5 33. Ba2 Rxc3 34. fxg6
Rc1+ 35. Kh2 d4 36. f3 Bf4 37. Kh3 Rh1+ 38. Kg2 Rh2+ 39. Kxh2 Qxh4+ 40. Kg2
Qxg3+ 41. Kf1 Rc1+ 0-1

[Event "Foxwoods Open"]
[Site "CT"]
[Date "2003.04.20"]
[Round "6"]
[White "Fishbein, Alexander"]
[Black "Karklins, Andrew"]
[Result "1-0"]
[WhiteElo "2571"]
[BlackElo "2330"]
[PlyCount "67"]
[EventDate "2003.??.??"]

1. Nf3 Nf6 2. c4 d6 3. Nc3 e5 4. d4 Nbd7 5. Bg5 c6 6. e3 Qa5 7. Qd2 g6 8. Bd3
Bg7 9. O-O O-O 10. Rad1 Re8 11. Bb1 Qc7 12. Bh4 Nb6 13. b3 Bg4 14. dxe5 dxe5
15. Qd6 Qxd6 16. Rxd6 Nfd7 17. Rd2 Bxf3 18. gxf3 f5 19. Rfd1 e4 20. Rxd7 Nxd7
21. Rxd7 Bxc3 22. fxe4 fxe4 23. Rxb7 a5 24. Be7 Bb4 25. c5 Rab8 26. Rc7 a4 27.
Bc2 Ba5 28. Rd7 a3 29. Bxe4 Rxb3 30. Bxc6 Rb1+ 31. Kg2 Bc3 32. Bd5+ Kh8 33. c6
Bb2 34. c7 1-0